00843cam a2200193 4500008004100000020001500041035001200056050002400068110007400092245018300166260007300349300002500422490004700447504002800494506001400522650003500536700004700571700003100618060622t20052005mx 000 0 spa u a9703227376 aa45446804aK215.S63 bC66 20052 aCongreso Internacional de Culturas y Sistemas Jurídicos Comparados.10aHistoria del derecho : bmemoria del Congreso Internacional de Culturas y Sistemas Jurídicos Comparados / cJosé Antonio Caballero Juárez, Oscar Cruz Barney, coordinadores. aMéxico : bUNAM, Instituto de Investigaciones Jurídicas, cc2005 ax, 347 p. ; c22 cm. 0aSerie Doctrina jur{acute}Idica . vno. 266 aIncluye bibliografías aRec. Esc. 4aDerecho xHistoria vCongresos1 aCaballero Juárez, Josá Antonio, coord.1 aCruz Barney, Oscar, coord.